Instruments and control systems for deck officers / (Record no. 194)

000 -LEADER
fixed length control field 00511 a2200169 4500
008 - FIXED-LENGTH DATA ELEMENTS--GENERAL INFORMATION
fixed length control field 220322b ||||| |||| 00| 0 eng d
020 ## - INTERNATIONAL STANDARD BOOK NUMBER
International Standard Book Number 9781408112113
082 00 - DEWEY DECIMAL CLASSIFICATION NUMBER
Classification number 623.85
Item number E532
100 ## - MAIN ENTRY--PERSONAL NAME
Personal name Embleton, William
245 ## - TITLE STATEMENT
Title Instruments and control systems for deck officers /
250 ## - EDITION STATEMENT
Edition statement 5th ed.
260 ## - PUBLICATION, DISTRIBUTION, ETC. (IMPRINT)
Place of publication, distribution, etc London:
Name of publisher, distributor, etc Adlard Coles Nautical,
Date of publication, distribution, etc 2016.
300 ## - PHYSICAL DESCRIPTION
Extent 240 p.
650 #0 - SUBJECT ADDED ENTRY--TOPICAL TERM
Topical term or geographic name as entry element Nautical instruments
700 ## - ADDED ENTRY--PERSONAL NAME
9 (RLIN) 932
Personal name Morton, Thomas D.
942 ## - ADDED ENTRY ELEMENTS (KOHA)
Source of classification or shelving scheme
Item type Books
Holdings
Withdrawn status Lost status Source of classification or shelving scheme Damaged status Not for loan Permanent location Current location Date acquired Source of acquisition Cost, normal purchase price Full call number Barcode Date last seen Cost, replacement price Koha item type
          IMU Kolkata IMU Kolkata 2018-05-21 Sterling Book House 1199.25 623.85 E532 13204 2019-09-16 1599.00 Books
          IMU Kolkata IMU Kolkata 2018-05-21 Sterling Book House 1199.25 623.85 E532 13205 2019-09-16 1599.00 Books
          IMU Kolkata IMU Kolkata 2018-05-21 Sterling Book House 1199.25 623.85 E532 13206 2019-09-16 1599.00 Books
          IMU Kolkata IMU Kolkata 2018-05-21 Sterling Book House 1199.25 623.85 E532 13207 2019-09-16 1599.00 Books
Designed and Maintained by IMU-KC Library, Kolkata Campus © Copyright All Rights Reserved

webs counters

Powered by Koha